Thomas Harriot, science pioneer / (Record no. 12367)

000 -LEADER
fixed length control field 00747cam a2200217 a 4500
020 ## - INTERNATIONAL STANDARD BOOK NUMBER
ISBN 0395672961
040 ## - CATALOGING SOURCE
Transcribing agency DLC
082 00 - DEWEY DECIMAL CLASSIFICATION NUMBER
Classification number 509 CLA 1998 A033 OR.
-- B
100 1# - MAIN ENTRY--AUTHOR NAME
Personal name Staiger, Ralph C.
245 10 - TITLE STATEMENT
Title Thomas Harriot, science pioneer /
260 ## - PUBLICATION, DISTRIBUTION, ETC. (IMPRINT)
Place of publication New York :
Name of publisher Clarion Books,
Year of publication c1998.
300 ## - PHYSICAL DESCRIPTION
Number of Pages 128 p. :
Other physical details ill. ;
Dimensions 27 cm.
500 ## - GENERAL NOTE
General note Includes index.
520 ## - SUMMARY, ETC.
Summary, etc Examines the life and studies of the sixteenth-century scholar, mathematician, explorer, optician, and astronomer, Thomas Hariot.
650 #0 - SUBJECT ADDED ENTRY--TOPICAL TERM
Topical Term Science
650 #0 - SUBJECT ADDED ENTRY--TOPICAL TERM
Topical Term Scientists
650 #1 - SUBJECT ADDED ENTRY--TOPICAL TERM
Topical Term Scientists.
856 42 - ELECTRONIC LOCATION AND ACCESS
Uniform Resource Identifier http://www.loc.gov/catdir/description/hm021/96041842.html
856 42 - ELECTRONIC LOCATION AND ACCESS
Uniform Resource Identifier http://www.loc.gov/catdir/enhancements/fy0735/96041842-b.html
942 ## - ADDED ENTRY ELEMENTS (KOHA)
Koha item type សៀវភៅភាសាអង់គ្លេស
952 ## - LOCATION AND ITEM INFORMATION (KOHA)
Withdrawn status [LOCAL, KOHA] 0
Holdings
Permanent Location Date acquired Koha item type Lost status Shelving location Barcode Current Location Full call number
Library Block A2017-08-12សៀវភៅភាសាអង់គ្លេស A033A18277Library Block A509 CLA 1998 A033 Or.
មជ្ឈមណ្ឌលឯការនៃសាកលវិទ្យាល័យភូមិន្ទកសិកម្មចំការដូង

Powered by Koha